Sydney Train Stations - T5 Line (Cumberland Line) - Statistics

General Stats
  • This quiz has been taken 50 times
  • The average score is 26 of 30
Answer Stats
# Answer % Correct
11 Blacktown
97%
28 Glenfield
97%
17 Parramatta
97%
12 Seven Hills
97%
30 Leppington
94%
13 Toongabbie
94%
22 Fairfield
91%
18 Harris Park
91%
19 Merrylands
91%
14 Pendle Hill
91%
1 Richmond
91%
8 Schofields
91%
15 Wentworthville
91%
24 Cabramatta
88%
27 Casula
88%
2 East Richmond
88%
29 Edmondson Park
88%
26 Liverpool
88%
9 Quakers Hill
88%
16 Westmead
88%
20 Guildford
85%
10 Marayong
85%
4 Windsor
85%
21 Yennora
85%
23 Canley Vale
82%
7 Riverstone
82%
25 Warwick Farm
82%
3 Clarendon
79%
6 Vineyard
79%
5 Mulgrave
76%
No matching quizzes found
Score Distribution
Percent of People with Each Score
Percentile by Number Answered
Your Score History
You have not taken this quiz